000 00333 a2200121 4500
001 ART_12979
005 20260410161734.0
008 260409a
245 1 0 _aRecaudar más
100 1 _aLlanos, Eduardo
700 1 _aTomá, Pascual R.
773 0 _tEjecutivos de finanzas
_g- Año 8, Nº 75 (may. 1991)
_wREV2863
999 _c18167
_d18167